| 000 | 00571cam a22002053a 4500 | ||
|---|---|---|---|
| 001 | 40263 | ||
| 003 | PGUSA | ||
| 005 | 20140828083910.0 | ||
| 008 | 120717s2012||||xxu|||||s|||||000 | eng d | ||
| 040 |
_aPGUSA _beng |
||
| 042 | _adc | ||
| 100 | 1 |
_aFern, Fanny, _d1811-1872 |
|
| 245 | 1 | 0 |
_aFolly as It Flies : _bHit At _h[electronic resource] / _cFanny Fern |
| 260 |
_bProject Gutenberg, _c2012 |
||
| 506 | _aPublic domain in the USA. | ||
| 516 | _aElectronic text | ||
| 830 | 0 |
_aProject Gutenberg _v40263 |
|
| 856 | 4 | 0 | _uhttp://www.gutenberg.org/ebooks/40263 |
| 942 | _cEB | ||
| 999 |
_c269516 _d269516 |
||